| 000 | 003520000a22001570004500 | ||
|---|---|---|---|
| 003 | MACL | ||
| 040 | _aMACL | ||
| 090 |
_c32660 _d32658 |
||
| 100 | _aChopra, Dr. Ravi | ||
| 245 | _aPublic Administration | ||
| 260 |
_bUnique Publications _c2001 |
||
| 350 | _a300 | ||
| 650 | _aPublic Administration | ||
| 942 |
_cBOOK _k351/Chu |
||
| 951 | _o351/Chu BOOK | ||
| 999 |
_c32326 _d32326 |
||